[Event "C.to Europeo U14 femminile"]
[Site "Fermo ITA"]
[Date "2009.09.04"]
[Round "5"]
[White "Imnadze, Nato"]
[Black "Bacic, Kristina"]
[Result "1-0"]
[WhiteElo "1906"]
[BlackElo "1755"]
[PlyCount "65"]
[EventDate "2009.08.31"]

1. e4 d5 2. exd5 Qxd5 3. Nc3 Qa5 4. g3 Nf6 5. Bg2 c6 6. Nge2 Bg4 7. h3 Bh5 8.
O-O Nbd7 9. d3 e6 10. a3 Be7 11. Bd2 Qc7 12. Rb1 O-O 13. b4 a5 14. Qc1 axb4 15.
axb4 Nd5 16. Nxd5 exd5 17. Re1 Bxe2 18. Rxe2 Rfe8 19. Qe1 Nf6 20. Bc3 Kf8 21.
Qd2 Ng8 22. b5 Bc5 23. Rxe8+ Rxe8 24. Bxg7+ Kxg7 25. Qc3+ Qe5 26. Qxc5 cxb5 27.
Qxd5 Qc3 28. Qb3 Qd4 29. Qxb5 Re2 30. Qb2 Qxb2 31. Rxb2 Re1+ 32. Bf1 Rc1 33. c4
1-0

[Event "C.to Europeo U14 femminile"]
[Site "Fermo ITA"]
[Date "2009.09.04"]
[Round "5"]
[White "Kol'ba, Anastasiya"]
[Black "Stoeri, Laura"]
[Result "0-1"]
[WhiteElo "1971"]
[BlackElo "1807"]
[PlyCount "76"]
[EventDate "2009.08.31"]

1. d4 Nf6 2. c4 g6 3. Nc3 Bg7 4. e4 d6 5. h3 O-O 6. Bg5 c5 7. d5 e6 8. Nf3 exd5
9. cxd5 Re8 10. Bd3 Nbd7 11. Bc2 a6 12. a4 Rb8 13. a5 b5 14. O-O Qc7 15. Re1 c4
16. Qd2 Nc5 17. e5 dxe5 18. d6 Qb7 19. Rxe5 Rxe5 20. Nxe5 b4 21. Na4 Nfe4 22.
Bxe4 Nxe4 23. Qf4 Nxg5 24. d7 Bxd7 25. Nxd7 Rd8 26. Nf6+ Bxf6 27. Qxf6 Rd5 28.
Re1 Ne6 29. Nb6 Rf5 30. Qh4 Rg5 31. Qe4 Qxe4 32. Rxe4 c3 33. bxc3 bxc3 34. Re1
c2 35. Rc1 Nd4 36. Kf1 Rc5 37. Nd7 Rc6 38. Ne5 Rc8 0-1

[Event "C.to Europeo U14 femminile"]
[Site "Fermo ITA"]
[Date "2009.09.04"]
[Round "5"]
[White "Morea, Georgiana-Steluta"]
[Black "Eid, Maha"]
[Result "1-0"]
[WhiteElo "1763"]
[BlackElo "1964"]
[PlyCount "58"]
[EventDate "2009.08.31"]

1. f4 c5 2. e3 e6 3. Nf3 Nf6 4. b3 Nc6 5. Bb2 d6 6. Bb5 Bd7 7. O-O Be7 8. d3
O-O 9. Nbd2 Nd5 10. Qe1 Bf6 11. Bxf6 Qxf6 12. Ne4 Qe7 13. a3 e5 14. Bc4 Nc7 15.
Neg5 d5 16. Nxh7 dxc4 17. Nxf8 Rxf8 18. dxc4 exf4 19. exf4 Qxe1 20. Raxe1 Bf5
21. Rf2 Ne6 22. Nh4 g6 23. Nxf5 gxf5 24. Re5 Ncd4 25. Rd2 Rd8 26. Kf2 f6 27.
Re1 Nxf4 28. c3 Nfe6 29. cxd4 Nxd4 1-0

[Event "C.to Europeo U14 femminile"]
[Site "Fermo ITA"]
[Date "2009.09.04"]
[Round "5"]
[White "Romero Lopez, Cristina"]
[Black "Pohl, Theresa"]
[Result "1-0"]
[WhiteElo "1741"]
[BlackElo "1852"]
[PlyCount "97"]
[EventDate "2009.08.31"]

1. e4 e6 2. Nf3 d5 3. exd5 exd5 4. d4 Nf6 5. Bd3 Bd6 6. O-O O-O 7. Bg5 Bg4 8.
Nbd2 c6 9. Re1 Nbd7 10. c3 Qc7 11. h3 Bh5 12. Qc2 Bg6 13. Bxg6 hxg6 14. Rac1
Rfe8 15. b3 Rac8 16. c4 Bb4 17. Qb2 Qa5 18. Rxe8+ Rxe8 19. Nb1 Ne4 20. Bf4 Ndf6
21. c5 Nh5 22. Be3 Qd8 23. a3 Ba5 24. b4 Bc7 25. a4 Bf4 26. Re1 Ng5 27. Nbd2
Ne4 28. Bxf4 Nxf4 29. Re3 g5 30. Nxe4 dxe4 31. Ne5 f6 32. Nc4 Nd3 33. Qc3 Qd5
34. Nd6 Re7 35. b5 f5 36. Qc4 Qxc4 37. Nxc4 f4 38. Re2 Kf8 39. Nd6 e3 40. fxe3
Rxe3 41. Rxe3 fxe3 42. Kf1 Nf4 43. Nxb7 cxb5 44. axb5 Nd5 45. Nd8 e2+ 46. Ke1
Nc7 47. b6 axb6 48. cxb6 Na6 49. Nc6 1-0

[Event "C.to Europeo U14 femminile"]
[Site "Fermo ITA"]
[Date "2009.09.04"]
[Round "5"]
[White "Samigullina, Diana"]
[Black "Leks, Maria"]
[Result "1-0"]
[WhiteElo "2152"]
[BlackElo "1899"]
[PlyCount "51"]
[EventDate "2009.08.31"]

1. d4 d6 2. Nf3 Nf6 3. c4 Nbd7 4. Nc3 c6 5. g3 e5 6. Bg2 Be7 7. O-O O-O 8. e4
b6 9. h3 Qc7 10. Bg5 h6 11. Be3 Bb7 12. Qc2 Rfe8 13. Rad1 Rad8 14. Nh4 a6 15.
a4 b5 16. axb5 cxb5 17. cxb5 axb5 18. Qb3 b4 19. Qxb4 d5 20. Qb3 dxe4 21. dxe5
Nxe5 22. Bb6 Qc6 23. Bxd8 Bxd8 24. Nf5 Ba6 25. Rxd8 Bxf1 26. Ne7+ 1-0

[Event "C.to Europeo U14 femminile"]
[Site "Fermo ITA"]
[Date "2009.09.04"]
[Round "5"]
[White "Severina, Maria"]
[Black "Durmaz, Ayca Fatma"]
[Result "1-0"]
[WhiteElo "1981"]
[BlackElo "1883"]
[PlyCount "103"]
[EventDate "2009.08.31"]

1. d4 Nf6 2. c4 g6 3. Nf3 Bg7 4. Nc3 O-O 5. e4 d6 6. Be2 e5 7. O-O Nbd7 8. Re1
exd4 9. Nxd4 Nc5 10. f3 a5 11. Be3 c6 12. Qd2 Qc7 13. Rad1 Ne8 14. Bf1 Bd7 15.
Nb3 Nxb3 16. axb3 Rd8 17. Qf2 c5 18. Bg5 f6 19. Bf4 Bc6 20. Rd2 Qb6 21. Nb5
Bxb5 22. cxb5 Nc7 23. Bc4+ Kh8 24. Qe2 Rd7 25. Red1 Rfd8 26. h4 Nxb5 27. Bxb5
c4+ 28. Be3 Qxb5 29. bxc4 Qc6 30. Rd5 b6 31. b3 Bf8 32. Qb2 Kg7 33. Rb5 Rb7 34.
Qd4 Rdb8 35. h5 Be7 36. Kf2 Kf7 37. hxg6+ hxg6 38. Rh1 Kg7 39. Bh6+ Kf7 40. Be3
Kg7 41. g4 Bd8 42. Bh6+ Kf7 43. Bf4 Be7 44. g5 Rg8 45. gxf6 Bxf6 46. Qxd6 Qc8
47. Qd5+ Ke7 48. Bd6+ Kd7 49. Be5+ Ke7 50. Qd6+ Kf7 51. Qxf6+ Ke8 52. Bd6 1-0

[Event "C.to Europeo U14 femminile"]
[Site "Fermo ITA"]
[Date "2009.09.04"]
[Round "5"]
[White "Ziaziulkina, Nastassia"]
[Black "Fataliyeva, Ulviyya Hasil Qizi"]
[Result "1-0"]
[WhiteElo "2101"]
[BlackElo "1992"]
[PlyCount "99"]
[EventDate "2009.08.31"]

1. e4 e6 2. d4 d5 3. e5 c5 4. c3 Nc6 5. Nf3 cxd4 6. cxd4 Nge7 7. Na3 Nf5 8. Nc2
Be7 9. Bd3 Qb6 10. O-O Bd7 11. Be2 h5 12. b3 Rc8 13. Be3 Qa5 14. Qd3 a6 15.
Rfc1 O-O 16. Bg5 Bxg5 17. Nxg5 g6 18. h3 Kg7 19. g4 Qd8 20. f4 hxg4 21. hxg4
Nh6 22. Rf1 Na7 23. Ne3 Nb5 24. a4 Na7 25. Nf3 Rh8 26. Kf2 Nc6 27. Rg1 Ne7 28.
Qd2 Qb6 29. Rab1 Nc6 30. Qd3 Ne7 31. Qd2 Nc6 32. b4 Ne7 33. b5 a5 34. Bd3 Qd8
35. Rbf1 Qb6 36. Rd1 Qd8 37. Ke2 Qb6 38. Rdf1 Qa7 39. Qb2 Qb6 40. Qd2 Qa7 41.
Qb2 Qb6 42. Qa3 Qd8 43. Rg2 Qf8 44. Nd2 Kh7 45. Qb2 Qd8 46. Qa3 Qf8 47. Qd6 Qd8
48. Rh1 Kg7 49. Rgh2 Rc3 50. Nb1 1-0

[Event "C.to Europeo U14 femminile"]
[Site "Fermo ITA"]
[Date "2009.09.06"]
[Round "6"]
[White "Durmaz, Ayca Fatma"]
[Black "Kol'ba, Anastasiya"]
[Result "0-1"]
[WhiteElo "1883"]
[BlackElo "1971"]
[PlyCount "68"]
[EventDate "2009.08.31"]

1. c4 e5 2. Nc3 Nc6 3. g3 f5 4. Bg2 Nf6 5. Nf3 Bb4 6. Nd5 Bc5 7. b4 Nxd5 8.
cxd5 Nxb4 9. Nxe5 Bd4 10. Rb1 Qe7 11. Qa4 Bxe5 12. Qxb4 Bd6 13. Qc4 O-O 14. O-O
b6 15. Re1 f4 16. Ba3 a5 17. Rbc1 Ra7 18. Rc3 Ba6 19. Qb3 Kh8 20. Bxd6 Qxd6 21.
Qa4 Raa8 22. e4 fxe3 23. dxe3 Rxf2 24. Rec1 Raf8 25. Rxc7 Qf6 26. Qd1 Qh6 27.
Qe1 Re2 28. Qc3 Rxe3 29. Qd4 Rd3 30. Qe5 Rd2 31. Qf5 Qe3+ 32. Kh1 Rf2 33. Qb1
Bd3 34. Qa1 Be4 0-1

[Event "C.to Europeo U14 femminile"]
[Site "Fermo ITA"]
[Date "2009.09.06"]
[Round "6"]
[White "Lach, Aleksandra"]
[Black "Ziaziulkina, Nastassia"]
[Result "1-0"]
[WhiteElo "2069"]
[BlackElo "2101"]
[PlyCount "83"]
[EventDate "2009.08.31"]

1. d4 d5 2. c4 c6 3. cxd5 cxd5 4. Nc3 Nf6 5. Bf4 Nc6 6. e3 Bf5 7. Nf3 e6 8. Bb5
a6 9. Bxc6+ bxc6 10. Ne5 Qb6 11. O-O Be7 12. Na4 Qb5 13. Rc1 Rc8 14. Qb3 Bd8
15. Nc5 Bc7 16. Qa3 a5 17. Nb3 Bd8 18. Rc5 Qa6 19. Qa4 O-O 20. Rxc6 Rxc6 21.
Qxc6 Qe2 22. Nc5 Be7 23. Ncd7 Rd8 24. Nxf6+ Bxf6 25. Qc7 Bg6 26. Nc6 Ra8 27.
Nb8 h5 28. Qb7 Bd3 29. Rc1 Rxb8 30. Qxb8+ Kh7 31. h3 Bh4 32. Bg3 Bg5 33. Kh2 h4
34. Bf4 Bf6 35. Kg1 Be4 36. Qb3 g5 37. Be5 Bxe5 38. dxe5 Kg7 39. Qc3 g4 40. Re1
Qb5 41. hxg4 Qa4 42. f3 1-0

[Event "C.to Europeo U14 femminile"]
[Site "Fermo ITA"]
[Date "2009.09.06"]
[Round "6"]
[White "Leks, Maria"]
[Black "Morea, Georgiana-Steluta"]
[Result "1-0"]
[WhiteElo "1899"]
[BlackElo "1763"]
[PlyCount "67"]
[EventDate "2009.08.31"]

1. e4 c5 2. Nf3 e6 3. d4 cxd4 4. Nxd4 a6 5. Bd3 Qc7 6. O-O Nf6 7. Qe2 d6 8. c4
Nc6 9. Nxc6 bxc6 10. Nc3 Be7 11. f4 Bb7 12. e5 Nd7 13. exd6 Bxd6 14. Ne4 Be7
15. Bd2 Nc5 16. Nxc5 Bxc5+ 17. Kh1 Rd8 18. Rad1 O-O 19. Bxh7+ Kxh7 20. Qh5+ Kg8
21. Qxc5 Rd3 22. Bb4 Rfd8 23. Rxd3 Rxd3 24. h3 Qd8 25. Kh2 Qf6 26. Qb6 Rd7 27.
Bc3 Qf5 28. c5 f6 29. Rf3 Kf7 30. Be5 Qb1 31. Bd6 Qxa2 32. Qa7 Qb1 33. Qb8 g5
34. fxg5 1-0

[Event "C.to Europeo U14 femminile"]
[Site "Fermo ITA"]
[Date "2009.09.06"]
[Round "6"]
[White "Papathanasiou, Ageliki"]
[Black "Romero Lopez, Cristina"]
[Result "1-0"]
[WhiteElo "1899"]
[BlackElo "1741"]
[PlyCount "95"]
[EventDate "2009.08.31"]

1. d4 e6 2. c4 Nf6 3. Nf3 c5 4. d5 exd5 5. cxd5 d6 6. g3 g6 7. Bg2 Bg7 8. O-O
O-O 9. Nc3 Re8 10. Nd2 a6 11. a4 Nbd7 12. Nc4 Nb6 13. Na3 Bf5 14. Re1 Ne4 15.
Nxe4 Bxe4 16. f3 Bf5 17. a5 Nc8 18. e4 Bd7 19. Nc4 Bb5 20. Bf1 Bxc4 21. Bxc4
Na7 22. Qa4 Bd4+ 23. Kg2 f5 24. Bd3 Qf6 25. Qc2 Re7 26. h4 fxe4 27. Bxe4 Qg7
28. Bg5 Ree8 29. Re2 Nb5 30. Rae1 Qf7 31. h5 gxh5 32. Bxh7+ Kh8 33. Rxe8+ Rxe8
34. Bg6 Qxg6 35. Qxg6 Rxe1 36. Qxh5+ Kg8 37. Qg6+ Kh8 38. Bf6+ Bxf6 39. Qxf6+
Kg8 40. Qd8+ Kf7 41. Qd7+ Re7 42. Qf5+ Ke8 43. g4 Nd4 44. Qh5+ Rf7 45. g5 Ne2
46. Kf2 Nf4 47. Qh6 Nxd5 48. g6 1-0

[Event "C.to Europeo U14 femminile"]
[Site "Fermo ITA"]
[Date "2009.09.06"]
[Round "6"]
[White "Samigullina, Diana"]
[Black "Efroimski, Marsel"]
[Result "0-1"]
[WhiteElo "2152"]
[BlackElo "2066"]
[PlyCount "120"]
[EventDate "2009.08.31"]

1. d4 d5 2. c4 e5 3. dxe5 d4 4. Nf3 Nc6 5. g3 Nge7 6. Bg2 Ng6 7. Bf4 Bf5 8. Qb3
Qd7 9. Na3 O-O-O 10. O-O-O Nxf4 11. gxf4 Be4 12. Nb5 Bc5 13. h4 a6 14. Nc3 Na5
15. Qa4 Qxa4 16. Nxa4 Bb4 17. b3 Nc6 18. Ne1 Bxe1 19. Bxe4 Bxf2 20. Rdf1 Be3+
21. Kb1 Ne7 22. Nc5 c6 23. f5 f6 24. e6 Kc7 25. Rh3 a5 26. Rg3 Rhg8 27. a3 Ra8
28. Kb2 Rae8 29. Rd1 Rd8 30. b4 axb4 31. axb4 g6 32. fxg6 f5 33. Bf3 hxg6 34.
Kb3 Rh8 35. Ra1 Ra8 36. Rxa8 Rxa8 37. Nd7 Kd6 38. Nc5 b6 39. Na4 Kxe6 40. Nxb6
Rh8 41. Bxc6 f4 42. Bd7+ Kf6 43. Rg2 d3 44. Na4 d2 45. Nc3 Rd8 46. Bb5 d1=Q+
47. Nxd1 Rxd1 48. c5 Rb1+ 49. Kc4 Rc1+ 50. Kb3 Nf5 51. Bd3 Nxh4 52. Rg4 g5 53.
Ka4 Nf5 54. Kb5 Nd4+ 55. Kb6 Rc3 56. Ba6 Ne6 57. Bc8 Nd4 58. Ba6 Nc2 59. Ka5
Ra3+ 60. Kb5 Nxb4 0-1

[Event "C.to Europeo U14 femminile"]
[Site "Fermo ITA"]
[Date "2009.09.06"]
[Round "6"]
[White "Stoeri, Laura"]
[Black "Iwanow, Anna"]
[Result "0-1"]
[WhiteElo "1807"]
[BlackElo "2022"]
[PlyCount "52"]
[EventDate "2009.08.31"]

1. e4 e5 2. f4 exf4 3. Nf3 d6 4. d4 g5 5. h4 g4 6. Ng1 Qf6 7. Nc3 Ne7 8. Nge2
Bh6 9. g3 fxg3 10. Nxg3 Bxc1 11. Rxc1 Qf4 12. Nce2 Qh6 13. Bg2 Nbc6 14. c4 Bd7
15. c5 O-O 16. cxd6 cxd6 17. h5 f5 18. exf5 Nxf5 19. Qb3+ Be6 20. d5 Ncd4 21.
Qd3 Nxg3 22. Qxg3 Bf5 23. Rc3 Rae8 24. Bf3 Nxf3+ 25. Rxf3 Qc1+ 26. Kf2 Qxh1 0-1

[Event "C.to Europeo U14 femminile"]
[Site "Fermo ITA"]
[Date "2009.09.07"]
[Round "7"]
[White "Dalemans, Diana"]
[Black "Bacic, Kristina"]
[Result "1/2-1/2"]
[WhiteElo "1842"]
[BlackElo "1755"]
[PlyCount "90"]
[EventDate "2009.08.31"]

1. e4 d5 2. exd5 Qxd5 3. Nc3 Qd8 4. Nf3 Nf6 5. Bc4 c6 6. d4 Bf5 7. Ne5 e6 8.
Bf4 Nbd7 9. Bb3 Nxe5 10. Bxe5 Bd6 11. Qe2 Bxe5 12. dxe5 Nd5 13. O-O-O Qg5+ 14.
Kb1 Nxc3+ 15. bxc3 Qxg2 16. Qd2 O-O 17. Rdg1 Qe4 18. Re1 Qh4 19. f4 Rad8 20.
Qe3 a6 21. Bc4 Rd7 22. Bd3 Qh3 23. Qxh3 Bxh3 24. Re3 Bf5 25. Bxf5 exf5 26. Rd3
Rfd8 27. Rhd1 Rxd3 28. cxd3 b5 29. d4 Kf8 30. Kc2 Ke7 31. a4 Ke6 32. axb5 cxb5
33. Ra1 Ra8 34. Ra5 f6 35. Kd3 fxe5 36. fxe5 g5 37. c4 bxc4+ 38. Kxc4 g4 39.
Kd3 f4 40. Ke4 f3 41. d5+ Ke7 42. Ke3 h5 43. h3 Kd7 44. hxg4 hxg4 45. Ra4 Re8
1/2-1/2

[Event "C.to Europeo U14 femminile"]
[Site "Fermo ITA"]
[Date "2009.09.07"]
[Round "7"]
[White "De Somma, Annarita"]
[Black "Durmaz, Ayca Fatma"]
[Result "0-1"]
[WhiteElo "1518"]
[BlackElo "1883"]
[PlyCount "138"]
[EventDate "2009.08.31"]

1. d4 Nf6 2. c4 g6 3. Nc3 Bg7 4. Nf3 O-O 5. e4 d6 6. Be2 e5 7. d5 a5 8. O-O Na6
9. Rb1 Nc5 10. Qc2 Nh5 11. Re1 f5 12. Bg5 Qe8 13. b3 fxe4 14. Nxe4 Nxe4 15.
Qxe4 Bf5 16. Qe3 Bxb1 17. Rxb1 Nf4 18. a3 h6 19. Bxf4 exf4 20. Qd3 Qf7 21. Nh4
Rfe8 22. Bg4 g5 23. Ng6 Bf6 24. g3 Be5 25. Be6 Rxe6 26. dxe6 Qxe6 27. Nxe5 Qxe5
28. Qg6+ Qg7 29. Qe6+ Kh8 30. Qd5 fxg3 31. hxg3 Rf8 32. Qxb7 Qd4 33. Rf1 Qc5
34. b4 axb4 35. Qxb4 Qxb4 36. axb4 Rf3 37. Rc1 Rb3 38. b5 Kg7 39. Kf1 Rb2 40.
Kg2 Kf6 41. Kf3 Ke6 42. Rh1 Rc2 43. Rxh6+ Kf5 44. g4+ Ke5 45. Rh5 Rc3+ 46. Ke2
Kf4 47. Rh7 Rxc4 48. f3 Rc5 49. Rf7+ Kg3 50. Rf5 d5 51. Rxg5 Rxb5 52. Rf5 c6
53. g5 Rb7 54. Ke3 Kh4 55. Kd4 Rb4+ 56. Kc5 Rc4+ 57. Kd6 Kh5 58. f4 Kg6 59.
Rf6+ Kg7 60. Ke7 c5 61. f5 Re4+ 62. Re6 Rxe6+ 63. fxe6 d4 64. Kd8 d3 65. e7 d2
66. e8=Q d1=Q+ 67. Kc7 Qd4 68. g6 Qf4+ 69. Kc6 Qa4+ 0-1

[Event "C.to Europeo U14 femminile"]
[Site "Fermo ITA"]
[Date "2009.09.07"]
[Round "7"]
[White "Efroimski, Marsel"]
[Black "Severina, Maria"]
[Result "1-0"]
[WhiteElo "2066"]
[BlackElo "1981"]
[PlyCount "77"]
[EventDate "2009.08.31"]

1. e4 e5 2. Nf3 Nc6 3. Bc4 Nf6 4. d3 Be7 5. c3 O-O 6. Bb3 d6 7. Nbd2 h6 8. Nf1
Nh7 9. Ng3 Kh8 10. Be3 Bg4 11. h3 Be6 12. d4 exd4 13. cxd4 d5 14. e5 Na5 15.
Bc2 Nc4 16. Bc1 Bb4+ 17. Kf1 f5 18. Ne2 Qe8 19. Nf4 Kg8 20. a3 Ba5 21. b3 Bc3
22. Rb1 Nxe5 23. Nxe5 c5 24. Ne2 cxd4 25. Nxd4 Rc8 26. Bb2 Bxb2 27. Rxb2 Nf6
28. f3 g5 29. Qe1 Rc7 30. Ng6 Qxg6 31. Qxe6+ Kh8 32. Qxf5 Qxf5 33. Nxf5 Nh5 34.
Kf2 Rfc8 35. Nd4 Rc3 36. Bf5 Rf8 37. Rc2 Rxc2+ 38. Bxc2 Rf4 39. Nf5 1-0

[Event "C.to Europeo U14 femminile"]
[Site "Fermo ITA"]
[Date "2009.09.07"]
[Round "7"]
[White "Iwanow, Anna"]
[Black "Lach, Aleksandra"]
[Result "0-1"]
[WhiteElo "2022"]
[BlackElo "2069"]
[PlyCount "66"]
[EventDate "2009.08.31"]

1. e4 c6 2. d4 d5 3. Nc3 dxe4 4. Nxe4 Nf6 5. Nxf6+ gxf6 6. c3 Nd7 7. g3 Nb6 8.
Bg2 h5 9. Nf3 Bg4 10. h3 Bxf3 11. Qxf3 Qd7 12. a4 Qe6+ 13. Be3 Nd5 14. O-O Nxe3
15. Rfe1 Bh6 16. fxe3 O-O-O 17. a5 a6 18. b4 Rd5 19. h4 Rb5 20. Rad1 Rg8 21. e4
Qd6 22. Kh2 e5 23. d5 cxd5 24. exd5 Kb8 25. Qf2 e4 26. Rxe4 f5 27. Rf4 Bxf4 28.
gxf4 Rg4 29. Rd4 b6 30. Bh3 Rg6 31. Bxf5 Rf6 32. Be4 Rxf4 33. Qd2 Rf2+ 0-1

[Event "C.to Europeo U14 femminile"]
[Site "Fermo ITA"]
[Date "2009.09.07"]
[Round "7"]
[White "Kol'ba, Anastasiya"]
[Black "Papathanasiou, Ageliki"]
[Result "0-1"]
[WhiteElo "1971"]
[BlackElo "1899"]
[PlyCount "72"]
[EventDate "2009.08.31"]

1. e4 c5 2. Nc3 e6 3. f4 Nc6 4. Nf3 g6 5. Bb5 Nge7 6. O-O a6 7. Bxc6 Nxc6 8. d3
Bg7 9. Be3 d6 10. Qe1 O-O 11. Qg3 b6 12. Rad1 Qc7 13. Rd2 Rd8 14. d4 cxd4 15.
Nxd4 Bb7 16. f5 Bxd4 17. Rxd4 Nxd4 18. Bxd4 e5 19. Be3 Qe7 20. Bh6 d5 21. f6
Qc5+ 22. Kh1 d4 23. Nd5 Bxd5 24. exd5 Rxd5 25. Qd3 Re8 26. Qe4 Rd7 27. Rf5 Qd5
28. Qh4 Qe6 29. Rh5 Rd6 30. Qg3 Qxf6 31. h3 Rde6 32. Kh2 Kh8 33. Bg5 Qf5 34.
Rh4 f6 35. Bd2 e4 36. Rf4 Qe5 0-1

[Event "C.to Europeo U14 femminile"]
[Site "Fermo ITA"]
[Date "2009.09.07"]
[Round "7"]
[White "Rykala, Monika"]
[Black "Matuozzo, Daniela"]
[Result "1-0"]
[WhiteElo "1682"]
[BlackElo "1491"]
[PlyCount "91"]
[EventDate "2009.08.31"]

1. d4 Nf6 2. c4 g6 3. Nc3 Bg7 4. e4 d6 5. Nf3 O-O 6. Be2 e5 7. O-O Nbd7 8. d5
Nc5 9. Qc2 a5 10. Bg5 h6 11. Be3 Ne8 12. Nd2 f5 13. f3 f4 14. Bf2 Qg5 15. Kh1
h5 16. Rab1 Kf7 17. a3 Rh8 18. b4 axb4 19. axb4 Nd7 20. c5 Bf8 21. c6 bxc6 22.
dxc6 Ndf6 23. Bc4+ Kg7 24. b5 Qh6 25. Nd5 Nxd5 26. Bxd5 Rb8 27. Ba7 Ra8 28. b6
cxb6 29. Bxb6 Nf6 30. c7 Nxd5 31. exd5 Be7 32. Qc6 Bf5 33. Ra1 Rac8 34. Ra7 Kf6
35. Rfa1 g5 36. Nc4 Kf7 37. Bf2 g4 38. Nb6 Rce8 39. c8=Q Bxc8 40. Nxc8 Rxc8 41.
Rxe7+ Kxe7 42. Bh4+ Kf7 43. Ra7+ Kg8 44. Qxc8+ Qf8 45. Qe6+ Qf7 46. Qxf7# 1-0

[Event "C.to Europeo U14 femminile"]
[Site "Fermo ITA"]
[Date "2009.09.07"]
[Round "7"]
[White "Sharapova, Anzama"]
[Black "Chiarion, Elisa"]
[Result "1-0"]
[WhiteElo "1950"]
[BlackElo "1904"]
[PlyCount "69"]
[EventDate "2009.08.31"]

1. e4 c5 2. Nf3 d6 3. d4 cxd4 4. Nxd4 Nf6 5. Nc3 g6 6. f3 Bg7 7. Be3 O-O 8. Qd2
Nc6 9. Bc4 Bd7 10. O-O-O Rc8 11. Bb3 Ne5 12. g4 Nc4 13. Bxc4 Rxc4 14. Kb1 b5
15. h4 a5 16. h5 b4 17. Nd5 Nxd5 18. exd5 Qa8 19. Qh2 g5 20. b3 Rc3 21. Bxg5 a4
22. h6 axb3 23. cxb3 Be5 24. Bf4 Bf6 25. Qh5 Qa7 26. Rhe1 Ra8 27. Re2 e5 28.
Bg5 exd4 29. Bxf6 Rxb3+ 30. Ka1 Be6 31. Qg5+ Kf8 32. Bg7+ Ke8 33. dxe6 fxe6 34.
Rxe6+ Kd7 35. Re7+ 1-0

[Event "C.to Europeo U14 femminile"]
[Site "Fermo ITA"]
[Date "2009.09.08"]
[Round "8"]
[White "Bacic, Kristina"]
[Black "Ivekovic, Tihana"]
[Result "1/2-1/2"]
[WhiteElo "1755"]
[BlackElo "1806"]
[PlyCount "52"]
[EventDate "2009.08.31"]

1. d4 Nf6 2. Nf3 e6 3. Bg5 Be7 4. Nbd2 d5 5. e3 O-O 6. Bd3 c5 7. c3 b6 8. O-O
Nc6 9. a4 Bb7 10. Qe2 h6 11. Bf4 Bd6 12. Bxd6 Qxd6 13. Rfe1 e5 14. dxe5 Nxe5
15. Nxe5 Qxe5 16. Nf3 Qc7 17. Qc2 Rad8 18. Rad1 Rfe8 19. h3 Ne4 20. Bxe4 dxe4
21. Nh2 Qc6 22. b3 Rd3 23. c4 Red8 24. Nf1 R8d6 25. Rd2 f5 26. Red1 Rxd2
1/2-1/2

[Event "C.to Europeo U14 femminile"]
[Site "Fermo ITA"]
[Date "2009.09.08"]
[Round "8"]
[White "Bauer, Valentina"]
[Black "Sasmazel, Burcu"]
[Result "1-0"]
[WhiteElo "1665"]
[BlackElo "1877"]
[PlyCount "99"]
[EventDate "2009.08.31"]

1. e4 e5 2. Nf3 Nc6 3. d4 exd4 4. Nxd4 Bc5 5. Be3 Qf6 6. c3 Qg6 7. Nd2 Nge7 8.
g3 Bxd4 9. cxd4 d5 10. Bg2 O-O 11. O-O dxe4 12. Nxe4 Nd5 13. Nc3 Bg4 14. Qb3
Nb6 15. Nb5 Be2 16. Rfc1 Bc4 17. Rxc4 Na5 18. Qc3 Naxc4 19. Bxb7 Rab8 20. Bg2
c6 21. Nxa7 Nxe3 22. fxe3 Nd5 23. Nxc6 Nxc3 24. Ne7+ Kh8 25. Nxg6+ fxg6 26.
bxc3 Rb2 27. Bd5 Rc8 28. c4 Re2 29. e4 Rd2 30. a4 Rxd4 31. a5 Rc7 32. a6 Ra7
33. c5 Rd2 34. c6 Rc2 35. Ra4 g5 36. Rb4 h5 37. Bc4 Kh7 38. Rb7 Rxc4 39. Rxa7
Rxc6 40. Ra8 Kg6 41. Kf2 Kf7 42. a7 Ra6 43. Ke3 Ra4 44. h4 Kg6 45. e5 Kf7 46.
e6+ Ke7 47. Rg8 Ra3+ 48. Kd4 Ra4+ 49. Kc5 Ra5+ 50. Kb6 1-0

[Event "C.to Europeo U14 femminile"]
[Site "Fermo ITA"]
[Date "2009.09.08"]
[Round "8"]
[White "Chiarion, Elisa"]
[Black "Bengtsson, Jessica"]
[Result "1/2-1/2"]
[WhiteElo "1904"]
[BlackElo "1730"]
[PlyCount "84"]
[EventDate "2009.08.31"]

1. b4 e5 2. a3 d5 3. Bb2 Bd6 4. e3 Nf6 5. c4 c6 6. Nf3 Nbd7 7. Be2 O-O 8. O-O
a5 9. c5 Bc7 10. b5 cxb5 11. d4 exd4 12. Bxd4 Ne4 13. Qc2 Ndf6 14. Bxb5 Bd7 15.
a4 Qe7 16. Nc3 Bc6 17. Rad1 Rfd8 18. Ne2 Rac8 19. Rc1 Nd7 20. Nd2 Bxb5 21. axb5
Ndxc5 22. Nxe4 Nxe4 23. Qb2 Qd6 24. Ng3 Nxg3 25. hxg3 f6 26. b6 Bb8 27. Qb5
Rxc1 28. Rxc1 Qb4 29. Rb1 Qxb5 30. Rxb5 Be5 31. Rxa5 Bxd4 32. exd4 Rd6 33. Rb5
Kf8 34. Kf1 Ke7 35. Ke2 Ke6 36. g4 Rc6 37. Kd2 Kd6 38. Rb2 Rc4 39. Ke3 Kc6 40.
Kd3 h6 41. f4 Kd7 42. Rb3 Kc6 1/2-1/2

[Event "C.to Europeo U14 femminile"]
[Site "Fermo ITA"]
[Date "2009.09.08"]
[Round "8"]
[White "Fataliyeva, Ulviyya Hasil Qizi"]
[Black "Efroimski, Marsel"]
[Result "0-1"]
[WhiteElo "1992"]
[BlackElo "2066"]
[PlyCount "55"]
[EventDate "2009.08.31"]

1. e4 e5 2. Nf3 Nc6 3. Bc4 Nf6 4. d3 Bc5 5. c3 O-O 6. Nbd2 d5 7. exd5 Nxd5 8.
Ne4 Be7 9. O-O Kh8 10. Qe2 f5 11. Ng3 Nf4 12. Qc2 Bd6 13. Bxf4 exf4 14. Ne2 g5
15. Ne1 Qe8 16. Qd2 Ne5 17. Nd4 a6 18. b4 b5 19. Bb3 a5 20. a3 axb4 21. cxb4
Rf6 22. Qc1 Bb7 23. f3 g4 24. Kh1 Qh5 25. fxg4 fxg4 26. Rxf4 Rxf4 27. Qxf4 Rf8
28. Qe3 0-1

[Event "C.to Europeo U14 femminile"]
[Site "Fermo ITA"]
[Date "2009.09.08"]
[Round "8"]
[White "Lach, Aleksandra"]
[Black "Osmanodja, Filiz"]
[Result "0-1"]
[WhiteElo "2069"]
[BlackElo "1954"]
[PlyCount "218"]
[EventDate "2009.08.31"]

1. Nf3 d5 2. d4 Nf6 3. Bg5 Nbd7 4. e3 g6 5. c4 dxc4 6. Bxc4 Bg7 7. Nc3 O-O 8.
Ne5 c5 9. Nxd7 Bxd7 10. dxc5 Qa5 11. O-O Bc6 12. Bxf6 exf6 13. Rc1 Qxc5 14. Nd5
Qd6 15. Rc2 f5 16. Rd2 Rad8 17. a4 Be5 18. h3 a6 19. a5 Qc5 20. b4 Qd6 21. Qb3
Rfe8 22. Rfd1 Qf8 23. f4 Bg7 24. Kf2 h6 25. b5 axb5 26. Bxb5 Qc5 27. Bxc6 bxc6
28. Nc7 Rxd2+ 29. Rxd2 Qxa5 30. Rd7 Rf8 31. Qc4 Qc3 32. Qxc3 Bxc3 33. Rd3 Ba5
34. Na6 Rc8 35. Nc5 Bb4 36. Nd7 c5 37. Nb6 Rb8 38. Nc4 Kf8 39. Ne5 Rb7 40. Rd1
Rc7 41. Rc1 Ke7 42. g4 Ke6 43. Kf3 Ra7 44. Nc4 Kd5 45. Nb6+ Kc6 46. Nc4 f6 47.
gxf5 gxf5 48. e4 Rd7 49. Ke3 Rd4 50. e5 fxe5 51. Nxe5+ Kb5 52. Rc2 Re4+ 53. Kf3
c4 54. Ng4 Bd6 55. Nxh6 Rxf4+ 56. Ke3 Be5 57. Nf7 Re4+ 58. Kf3 Bc7 59. Ng5 Rd4
60. Ne6 Rd3+ 61. Ke2 Be5 62. Ng5 Kb4 63. Nf3 Bf4 64. Rb2+ Kc3 65. Rb5 Re3+ 66.
Kf2 Kd3 67. Rd5+ Kc2 68. Rxf5 Re4 69. Ne1+ Kd1 70. Ng2 Bd2 71. Kf3 Re2 72. Rc5
c3 73. h4 Re6 74. h5 c2 75. Kg4 c1=Q 76. Rxc1+ Bxc1 77. Nh4 Ke2 78. Ng6 Rf6 79.
Nh4 Kd3 80. Nf3 Ke4 81. Ng5+ Kd5 82. Nf3 Ke6 83. Nd4+ Kf7 84. Ne2 Be3 85. Nc3
Rf4+ 86. Kg3 Rd4 87. Ne2 Rb4 88. Kf3 Bd2 89. Ng3 Kg7 90. Ne4 Bc1 91. Nf2 Kh6
92. Nd3 Rc4 93. Ne5 Rf4+ 94. Kg3 Kxh5 95. Nd3 Rc4 96. Kf3 Kg5 97. Ke2 Rc2+ 98.
Kf3 Kf5 99. Ne1 Rc3+ 100. Ke2 Ke4 101. Kd1 Bg5 102. Ke2 Ra3 103. Nc2 Ra2 104.
Kd1 Rb2 105. Ne1 Rd2+ 106. Kc1 Rf2+ 107. Kd1 Kd4 108. Nc2+ Kc3 109. Ne1 Bh6 0-1

[Event "C.to Europeo U14 femminile"]
[Site "Fermo ITA"]
[Date "2009.09.08"]
[Round "8"]
[White "Leks, Maria"]
[Black "Iwanow, Anna"]
[Result "1-0"]
[WhiteElo "1899"]
[BlackElo "2022"]
[PlyCount "71"]
[EventDate "2009.08.31"]

1. e4 c5 2. Nf3 d6 3. d4 cxd4 4. Nxd4 Nf6 5. Nc3 a6 6. Be2 e6 7. O-O Be7 8. f4
Qc7 9. Kh1 O-O 10. a4 Nc6 11. Be3 Bd7 12. Bd3 Rfe8 13. Qe1 Nxd4 14. Bxd4 e5 15.
Bg1 Bc6 16. a5 Rac8 17. Bb6 Qb8 18. Qf2 Nd7 19. f5 Nf6 20. Qf3 h5 21. h3 Bd8
22. g4 hxg4 23. hxg4 Nh7 24. Bxd8 Rcxd8 25. f6 Qc7 26. fxg7 Qe7 27. Qh3 Kxg7
28. Rf5 Ng5 29. Qe3 Rh8+ 30. Kg2 f6 31. Raf1 Qe6 32. Rxg5+ fxg5 33. Qxg5+ Qg6
34. Qe7+ Kg8 35. Qxd8+ Be8 36. Bc4+ 1-0